000 00550nam a22001817a 4500
005 20240405165456.0
010 _aENG-140028
020 _a9788193124902
_c200.00
035 _aEN-123560
037 _bDBAD/PUB
082 _a363.250954
100 _aKrishnamurthy,s
_d2015
_964332
245 _aQuestioning An Accused /
_cS.Krishnamurthy
260 _aHyderabad
_bS.V.P National Police Academy
_c2015
270 _aShivrampalli,Hyderabad
_bHyderabad
_e500052
300 _a384pg;
_c22cm(Pb)
942 _2ddc
_cEN
_h363.250954
_mKRI
999 _c201901
_d201901